<?xml version="1.0" encoding="UTF-8"?>
<resp>
  <nextPage>https://data.bn.org.pl/api/networks/bibs.marcxml?marc=001+b00001150002806&amp;sinceId=1150002807</nextPage>
  <collection>
    <record xmlns='http://www.loc.gov/MARC21/slim'><leader>01649namZa2200469ZiZ4500</leader><controlfield tag='001'>b00001150002806</controlfield><controlfield tag='005'>20241203220429.2</controlfield><controlfield tag='008'>230609s        pl           |000 0 pol c</controlfield><controlfield tag='009'>9913261778005606</controlfield><datafield ind1=' ' ind2=' ' tag='020'><subfield code='a'>8306008235</subfield></datafield><datafield ind1=' ' ind2=' ' tag='035'><subfield code='a'>KR_1KR_1_20120317232951046360-48omnis_kr</subfield></datafield><datafield ind1=' ' ind2=' ' tag='035'><subfield code='a'>KR_1_20120317232951046360</subfield><subfield code='9'>ExL</subfield></datafield><datafield ind1=' ' ind2=' ' tag='035'><subfield code='a'>(PL)b00001150002806</subfield></datafield><datafield ind1=' ' ind2=' ' tag='040'><subfield code='a'>KR_1</subfield><subfield code='c'>KR_1</subfield></datafield><datafield ind1='1' ind2=' ' tag='041'><subfield code='a'>pol</subfield><subfield code='h'>eng</subfield></datafield><datafield ind1='1' ind2=' ' tag='100'><subfield code='a'>Cottrell, John</subfield></datafield><datafield ind1='1' ind2='0' tag='245'><subfield code='a'>Richard Burton :</subfield><subfield code='b'>biografia /</subfield><subfield code='c'>John Cottrell, Fergus Cashin ; przeł. Irena Tarłowska.</subfield></datafield><datafield ind1=' ' ind2=' ' tag='260'><subfield code='a'>Warszawa :</subfield><subfield code='b'>Państ. Instytut Wydawniczy,</subfield><subfield code='c'>1984.</subfield></datafield><datafield ind1=' ' ind2=' ' tag='300'><subfield code='a'>394 s., [13] k. portr. ;</subfield><subfield code='c'>23 cm.</subfield></datafield><datafield ind1='1' ind2=' ' tag='490'><subfield code='a'>Artyści</subfield></datafield><datafield ind1=' ' ind2=' ' tag='500'><subfield code='a'>n</subfield></datafield><datafield ind1=' ' ind2=' ' tag='504'><subfield code='a'>Indeks.</subfield></datafield><datafield ind1='1' ind2='9' tag='600'><subfield code='a'>Burton Richard</subfield><subfield code='x'>biografia</subfield></datafield><datafield ind1=' ' ind2='9' tag='650'><subfield code='a'>Aktorstwo</subfield><subfield code='x'>biografie</subfield><subfield code='z'>Anglia</subfield><subfield code='y'>20 w.</subfield></datafield><datafield ind1='1' ind2=' ' tag='700'><subfield code='a'>Cashin, Fergus</subfield></datafield><datafield ind1='1' ind2=' ' tag='700'><subfield code='a'>Tarłowska, Irena.</subfield><subfield code='e'>Tł.</subfield></datafield><datafield ind1=' ' ind2=' ' tag='852'><subfield code='8'>224630230008218</subfield><subfield code='j'>1</subfield><subfield code='b'>TL_4_1</subfield><subfield code='p'>53714</subfield><subfield code='c'>TL_4_1_2</subfield></datafield><datafield ind1=' ' ind2=' ' tag='852'><subfield code='8'>22804386170008210</subfield><subfield code='j'>1</subfield><subfield code='b'>F09</subfield><subfield code='p'>10463249</subfield><subfield code='c'>Ubytki05</subfield></datafield><datafield ind1=' ' ind2=' ' tag='852'><subfield code='8'>22804386130008210</subfield><subfield code='j'>1</subfield><subfield code='b'>F02</subfield><subfield code='p'>10325324</subfield><subfield code='c'>UBYTKI_F02</subfield></datafield><datafield ind1=' ' ind2=' ' tag='852'><subfield code='8'>22804386190008210</subfield><subfield code='j'>1</subfield><subfield code='b'>F18</subfield><subfield code='p'>10525038</subfield><subfield code='c'>UBYTKI_F18</subfield></datafield><datafield ind1=' ' ind2=' ' tag='852'><subfield code='8'>22804386210008210</subfield><subfield code='j'>1</subfield><subfield code='b'>C</subfield><subfield code='p'>10386480</subfield><subfield code='c'>UBYTKI_C</subfield></datafield><datafield ind1=' ' ind2=' ' tag='852'><subfield code='8'>22804386230008210</subfield><subfield code='j'>1</subfield><subfield code='b'>F01</subfield><subfield code='p'>10388437</subfield><subfield code='c'>UBYTKI_F01</subfield></datafield><datafield ind1=' ' ind2=' ' tag='852'><subfield code='8'>22804386150008210</subfield><subfield code='j'>1</subfield><subfield code='b'>F10</subfield><subfield code='p'>10208277</subfield><subfield code='c'>UBYTKI_F10</subfield></datafield><datafield ind1=' ' ind2=' ' tag='852'><subfield code='b'>48OMNIS_TL</subfield><subfield code='8'>991000066449608218</subfield></datafield><datafield ind1=' ' ind2=' ' tag='852'><subfield code='b'>48OMNIS_KR</subfield><subfield code='8'>991000028049708216</subfield></datafield><datafield ind1=' ' ind2=' ' tag='852'><subfield code='b'>48OMNIS_MBPG</subfield><subfield code='8'>991002520729708210</subfield></datafield><datafield ind1=' ' ind2=' ' tag='852'><subfield code='b'>48OMNIS_NETWORK</subfield><subfield code='8'>9913261778005606</subfield></datafield><datafield ind1=' ' ind2=' ' tag='920'><subfield code='a'>83-06-00823-5</subfield></datafield></record>
  </collection>
</resp>
